1536 1916 1905 1328 1973 1003 1259 1548 1391 1574 1162 1734 1348 1798 1350 1400 1699 1393 1518 1533 1589 1417 1867 1786 1929 1216 1216 1200 1451 1691 1877 1689 1408 1178 1804 1416 1248 1239 1799 1373 1385 1818 1540 1165 1016 1794 1948 1467 1563 1281 1357 1759 1531 1721 1023 1057 1683 1010 1894 1214 1032 1802 1489 1334 1915 1419 1312 1878 1175 1174 1691 1608 1106 1597 1794 1910 1819 1805 1982 1360 1755 1168 1957 1912 1644 1331 1316 1709 1557 1423 1116 1176 1045 1242 1121 1923 1381 1944 1136 BCNSPRNW ULIB Ver.6.0+V

เปลี่ยนเป็นภาษาไทย

Change to English
 แสดงรายละเอียดบรรณานุกรม
  กลับหน้าหลัก

Brief Record : Get Marc (ISO 2709) : E-mail record : QR code < ปิดหน้าต่าง
LEADER : 00000nam 2200000uu 4500
001    13399107785
003     ULIB
008    110203s2547||||th 000 0 tha d
020    974958709X
060 04 WY161^bอ779ป 2547
245 00 ประเด็นและแนวโน้มในการพยาบาลผ่าตัด 2 =^bIssues and trendsin perioperative care 2 /^cอุษาวดี อัศดรวิเศษ
246 31 Issues and trends in perioperative care
260    กรุงเทพฯ :^bภาควิชาการพยาบาลศัลยศาสตร์ คณะพยาบาลศาสตร์มหาวิทยาลัยมหิดล,^c2547
300    105 หน้า :^bภาพประกอบ ;^c27 ซม.
504    บรรณานุกรม
650  7 พยาบาลห้องผ่าตัด
650  7 ศัลยศาสตร์^xการพยาบาล
700 0  อุษาวดี อัศดรวิเศษ,^eบรรณาธิการ
710 2  มหาวิทยาลัยมหิดล. ^bคณะพยาบาลศาสตร์.^bภาควิชาการพยาบาลศัลยศาสตร์
945    ^p100^l0^i17879
945    ^p100^l0^i17880
995    เกษร
999    ^aใช้งานได้ทุกระบบ
รายการนี้ยังไม่มีแท็ก
คุณยังไม่ได้ล็อกอิน คุณสามารถมีกิจกรรมร่วมกับเว็บไซต์ได้ แต่ต้องล็อกอินก่อน ::
  ล็อกอิน

รายการสื่อสารสนเทศ

ลำดับที่ ประเภท เลขเรียก/บาร์โค้ด สถานที่ สถานะ
1. Book การพยาบาล
Book การพยาบาล
สถานะ=หนังสือเก่า
WY161 อ779ป 2547  
  Barcode: 17879
ห้องสมุดวิทยาเขตนครสวรรค์
►หนังสือทั่วไป:l:General Books
บนชั้น
2. Book การพยาบาล
Book การพยาบาล
WY161 อ779ป 2547 ฉ.2 
  Barcode: 17880
ห้องสมุดวิทยาเขตนครสวรรค์
►หนังสือทั่วไป:l:General Books
ถูกยืม กำหนดส่งวันที่ 11 พฤษภาคม 2558
  จอง

รายการใกล้เคียง
    หัวเรื่อง [พยาบาลห้องผ่าตัด]
    หัวเรื่อง [ศัลยศาสตร์ การพยาบาล]

BibComment


ยังไม่เคยถูกคอมเมนท์

คอมเมนท์ทรัพยากรรายการนี้
  คอมเมนท์: ประเด็นและแนวโน้ม..


 Copyright 2026. Bcnsprnw @Library